000 00962cam a22003137a 4500
003 CHAP
005 20220329140622.0
008 971013s1959 r 00010 d
010 _a54837
011 _a55809
035 _a59962
040 _cCHAP
082 _a636.08
_bW55i
100 0 0 _aWilliamson, G.
_9122119
245 1 3 _aAn introduction to animal husbandry in the tropics
260 _aLondon :
_bLongmans,
_c1959
300 _a435 p.
_b: ilus.
590 _aBATCH-UPD
_b10
_c20130110
_lUCH01
_h0458
590 _aBATCH-UPD
_b10
_c20130410
_lUCH01
_h0135
590 _aBATCH-UPD
_b10
_c20130914
_lUCH01
_h1459
590 _aCONVERSION
_b10
_c20130109
_lUCH01
_h1330
650 1 4 _aGanadería
_xTrópicos.
_944856
650 1 4 _aGanado lanar
_xCría de.
_945167
650 1 4 _aGanado porcino
_xCría de.
_945350
700 0 _aPayne, W.J.A.
_986332
901 _aBK
942 _cLIBRO
949 _a636.08 W55i
_bBC
_cLIBRO
_d33724000269429
_eLIBRO
_h24218
_i59962
_si
999 _c54837
_d54837